000 02110nam0a2200349 4500
001 RU\NLR\BIBL_A\022540480
005 20260420044354.0
010 _a978-5-7310-6489-7
_9500
021 _aRU
_bКН-П-25-016391
_9КН-П-25-1672
035 _a(NLR Aleph) 022540480
090 _a13672489
_c13672489
100 _a20250514d2024 k y0rusy50 ca
101 0 _arus
102 _aRU
105 _aa z 000zy
181 0 _ai3
_baxxe
182 0 _an
200 1 _aСборник научных трудов кафедры высшей математики СПбГЭУ
_fМинистерство науки и высшего образования Российской Федерации, Санкт-Петербургский государственный экономический университет, Факультет информатики и прикладной математики, Кафедра высшей математики
_gпод редакцией Г. В. Савинова, В. Ю. Дорофеева
203 _aТекст
_bвизуальный
_cнепосредственный
210 _aСанкт-Петербург
_cИзд-во Санкт-Петербургского государственного экономического университета
_d2024
215 _a65 с.
_cил.
_d21
313 _aМатериалы научных семинаров за 2023/24 учебный год. См. также 2021-4/13030
320 _aБиблиогр. в конце отд. ст.
606 1 _aМатематика
_jСъезды, совещания и т.п
_9922118
_3RU\NLR\AUTH\6619329
686 1 _aВ1я431
702 1 _aСавинов
_bГ. В.
_gГеннадий Володарович
_4340
710 0 2 _aСанкт-Петербургский государственный экономический университет
_bКафедра высшей математики
_9422900
_3RU\NLR\AUTH\880378284
942 _cBOOK
980 _aNB